Midnights Album - Statistics

General Stats
  • This quiz has been taken 133 times
  • The average score is 18 of 20
Answer Stats
# Tracks % Correct
1 Lavender Haze
100%
3 Anti-Hero
99%
6 Midnight Rain
95%
2 Maroon
94%
4 Snow On The Beach (feat. Lana Del Ray)
94%
11 Karma
93%
5 You're On Your Own, Kid
93%
8 Vigilante Shit
91%
14 The Great War
89%
9 Bejeweled
87%
18 Glitch
87%
10 Labyrinth
87%
13 Mastermind
86%
7 Question...?
85%
16 Paris
83%
15 Bigger Than The Whole Sky
82%
20 Dear Reader
82%
12 Sweet Nothing
82%
19 Would've Could've Should've
78%
17 High Infidelity
70%
No matching quizzes found
Score Distribution
Percent of People with Each Score
Percentile by Number Answered
Your Score History
You have not taken this quiz